000 01282nam a2200349 i 4500
003 EG-GICUC
005 20260429160605.0
008 260429s2021 ua ||||fr|||| 000 0 ara d
017 _a2017/29344
020 _a978-977-90-5221-2
040 _a EG-GICUC
_bara
_c EG-GICUC
_d EG-GICUC
_erda
041 0 _aara
082 0 4 _221
_a345.43
_bج و . م
092 0 4 _221
099 _aLaw1 07 345.43 ج و . م 2021
100 0 _aجورج سامى نقولا
_eمؤلف.
245 1 2 _aالمركز القانوني للعاملين في دور العبادة :
_bدراسة مقارنة /
_cجورج سامى نقولا.
250 _aالطبعة الأولى.
264 1 _aالقاهرة :
_bدار النهضة العربية،
_c2021.
300 _a848 صفحة ؛
_c24 سم.
336 _2rda content
_atext
337 _2rda media
_aComputer
338 _2rda carrier
_aOnline Resource
504 _a ببليوجرافيا: صفحات 831 - 840
504 _aيشتمل على إرجاعات ببليوجرافية.
546 _aالنص باللغة العربية
650 1 _aحقوق الموظف العام.
_2qrmak
651 1 _2qrmak
856 4 0 _uhttps://fll.law.cu.edu.eg/fulltext/bks/B07-04824.pdf
905 _a62
942 _2ddc
_n0
_cBK
_e21
999 _c74274
_d74274